000 00940nam2a2200253 4500
001 RU\NLR\bibl\1335706
005 20250615165109.0
021 _aRU
_b2008-104331
_96148
035 _a(NLR Aleph) 001320905
090 _a739241
_c739241
100 _a20090304d2008 |||y0rusy50 ca
101 0 _arus
102 _aRU
105 _ac |||||||||
200 1 _a2008 год]
210 _aМосква
_cРодина-Про
_d2008
215 _a734, [1] c.
_cцв. ил., портр.
320 _aПредм.-темат. указ: с. 727-734
461 0 _1001RU\NLR\bibl\479630
_12001#$aФедеральный справочник$v[Вып. 21
_91003040
_cМ.
_d1999
_f[Редкол. А.В. Авдевич гл. ред.]
_lFederal Reference Book
_nРодина-ПРО
_tФедеральный справочник
_v[Вып. 21
801 0 _aRU
_bNLR
_c20090304
_gRCR
801 1 _aRU
_bNLR
_c20090304
942 _cBOOK
980 _aNB